Представление документа в формате RUSMARC

ПолеНазваниеЗначение
  Тип записи a
  Библиографический уровень m
001 Контрольный номер da58e4f52d1f404f9c8bfb11210b8e44
005 Дата корректировки 20140606112548.6
010 Индекс ISBN __
a ISBN 5-94938-046-0
101 Язык документа 0_
a Язык текста rus
102 Страна публикации __
a Страна публикации RU
200 Заглавие и сведения об ответственности 1_
a Заглавие Методология "Шесть сигм" для лидеров, или Как достичь 3,4 дефекта на миллион возможностей
f Первые сведения об ответственности Грегори Ватсон ; пер. с англ. , ред. Ю. П. Адлер
210 Выходные данные 1_
c Издательство Стандарты и качество
a Место издания М.
d Дата издания 2006
215 Физическое описание __
a Объем 223, [1] с.
225 Серия 2_
a Серия Деловое совершенство
610 Ключевые слова 0_
a Ключевые слова бизнес
610 Ключевые слова 0_
a Ключевые слова руководитель
610 Ключевые слова 0_
a Ключевые слова лидер бизнеса
610 Ключевые слова 0_
a Ключевые слова компании
686 Индексы других классификаций __
a Классификационный индекс 65.050.8
2 Код системы rubbk
700 Автор _1
a Фамилия Ватсон
g Полное личное имя Грегори
702 Вторичная интеллектуальная ответственность _1
4 Код отношения 730
702 Вторичная интеллектуальная ответственность _1
a Фамилия Адлер
b Имя Ю. П.
4 Код отношения 340
801 Источник записи _0
a Страна RU
b Организация РУК
c Дата составления 20070314
g Правила каталогизации PSBO
801 Источник записи _1
a Страна RU
b Организация РУК
c Дата составления 20070314
g Правила каталогизации PSBO
852 Данные о местонахождении __
j Шифр хранения ББК 65.050
i Авторский знак В 21
901 Тип документа __
t Тип документа m
938 Служебная информация __
a Название организации Головной вуз
b Имя БД BOOK
c Название АИБС АИБС ИРБИС